Statistics for X-Men Quizzes 7: Iceman

Click here to take the quiz!

General Stats

  • This quiz has been taken 17 times
  • The average score is 5 of 10

Answer Stats

HintAnswer% Correct
What is his real name?Bobby Drake
100%
In X-Men: TAS, he left because he couldn’t get along with who?Charles Xavier
69%
Who captured him and used him against the Frost Giants?Loki
69%
What class is he?Omega
69%
Who was his love, who also loved Havok?Polaris / Lorna Dane
69%
Who portrayed him in 2000?Shawn Ashmore
38%
Who took over his body for some time?White Queen / Emma Frost
19%
What nationality is his mother?Jewish
13%
What is his middle name?Louis
13%
Who was the first person he froze?Rocky Beasely
6%

Score Distribution

Percentile by Number Answered

Percent of People with Each Score

Your Score History

You have not taken this quiz